000 00929nam a2200253Ia 4500
003 OSt
005 20220923212955.0
006 a|||||r|||| 00| 0
007 ta
008 220922b |||||||| |||| 00| 0 hin d
024 _a157,702
037 _cTextual
040 _aARTS
_cARTS
_bhin
041 _2hin
_ahin
082 _aO152,1vM9, L4
100 _aरजनीश, गोविन्द शर्मा
_9157799
245 0 _aहिन्दी की आदि और मध्यकालीन प्लगु कृतियॉं
246 _aHindī kī ādi aur madhyakālīn plagu kṛutiyaॉan
260 _aजयपुर
_b मंगल प्रकाशन
_c1974
300 _a295 पृ.
_ccm.
650 _aहिन्दी साहित्य
_9156264
942 _hO152,1vM9, L4
_cTEXL
_2CC
999 _c312784
_d312784